Groundwater geochemistry:practical guide to modeling of natural and contaminated aquatic systems (Record no. 21619)

MARC details
000 -LEADER
fixed length control field 01139nam a2200349Ia 4500
003 - CONTROL NUMBER IDENTIFIER
control field OSt
005 - DATE AND TIME OF LATEST TRANSACTION
control field 20220912145036.0
008 - FIXED-LENGTH DATA ELEMENTS--GENERAL INFORMATION
fixed length control field 220909b |||||||| |||| 00| 0 eng d
020 ## - INTERNATIONAL STANDARD BOOK NUMBER
International Standard Book Number 9783540746676 (hbd)
037 ## - SOURCE OF ACQUISITION
Terms of availability Textbook
040 ## - CATALOGING SOURCE
Original cataloging agency CSL
Language of cataloging eng
Transcribing agency CSL
041 ## - LANGUAGE CODE
Language code of text/sound track or separate title eng
100 ## - MAIN ENTRY--PERSONAL NAME
Personal name Merkel Broder J
245 #0 - TITLE STATEMENT
Title Groundwater geochemistry:practical guide to modeling of natural and contaminated aquatic systems
250 ## - EDITION STATEMENT
Edition statement 2
260 ## - PUBLICATION, DISTRIBUTION, ETC.
Place of publication, distribution, etc. Berlin
Name of publisher, distributor, etc. Springer
Date of publication, distribution, etc. 2008
300 ## - PHYSICAL DESCRIPTION
Extent xi, 230p. Includes CD-Rom
Dimensions cm.
500 ## - GENERAL NOTE
General note ''References 215-219p''.; ''Index 221-230p''.
650 ## - SUBJECT ADDED ENTRY--TOPICAL TERM
Topical term or geographic name entry element Geochemistry
650 ## - SUBJECT ADDED ENTRY--TOPICAL TERM
Topical term or geographic name entry element Groundwater
650 ## - SUBJECT ADDED ENTRY--TOPICAL TERM
Topical term or geographic name entry element Kinetics
650 ## - SUBJECT ADDED ENTRY--TOPICAL TERM
Topical term or geographic name entry element Geology
700 ## - ADDED ENTRY--PERSONAL NAME
Personal name Friedrich-Planer Britta
700 ## - ADDED ENTRY--PERSONAL NAME
Personal name Nordstrom Darrell Kirk Ed.
942 ## - ADDED ENTRY ELEMENTS (KOHA)
Classification part H422:(E), P5;P8 TH
Koha item type Textbook
Source of classification or shelving scheme Colon Classification (CC)
Holdings
Withdrawn status Lost status Damaged status Not for loan Home library Current library Date acquired Source of acquisition Total Checkouts Full call number Barcode Date last seen Price effective from Koha item type
        Central Science Library Central Science Library 2022-09-12 195, 25/11/2008, Dhanraj Book House   H422:(E) P5;P8 TH SL1382506 2022-09-12 2022-09-12 Textbook
Copyright @ Delhi University Library System